000 00396nam a22001457a 4500
005 20200607105501.0
008 200607b xxu||||| |||| 00| 0 eng d
082 _a345.4
110 _aALL INDIA REPORTER
_95817
245 _aALL INDIA REPORTER 1996 (V-53) ASSAM AND NAGALAND SECTION
260 _aMUMBAI
_bALL INDIA REPORTER PVT, LTD.
300 _a640;p
650 _aLAW
_95701
942 _cJRL
999 _c6885
_d6883